000 00557nam a2200193Ia 4500
005 20250507130232.0
008 008 250505s9999 xx 000 0 eng d
037 _aSeries Article
040 _aEASL
_beng
_cEASL
041 _aeng
_2eng
084 _qEASL
100 _aRai Rajesh
245 4 _aThe 1857 panic and the fabrication of an indian 'Menace' in singapore
260 _aUK
_bCambridge Cambridge University Press UK
_c2013
300 _a365-405
650 _aModern Asian Studies
942 _cSRA
999 _c1318476
_d1318476